| 000 | 00483nam a22001697a 4500 | ||
|---|---|---|---|
| 010 | _a766899 | ||
| 035 | _a766899 | ||
| 037 | _bCen Lib / Ret | ||
| 040 |
_aDPL _bEn |
||
| 082 |
_a301.830954 _bROA |
||
| 245 | _aRoads to victory / | ||
| 260 |
_aSofia _b[Sofia Press Agency] ; Leipzig : [Distributed by] Buchexport _c1974 |
||
| 300 |
_a183p _c27cm(Hb) |
||
| 650 |
_aCommunism. _911516 |
||
| 650 |
_a Communisme. _9138718 |
||
| 942 |
_2ddc _cEN _h301.830954 _mROA |
||
| 999 |
_c136270 _d136270 |
||